Линейная алгебра, дифференциальное исчисление функций одной переменной: учебник

書誌詳細
第一著者: Бурмистрова Е. Б. Елена Борисовна
その他の著者: Лобанов С. Г. Сергей Григорьевич
要約:В учебнике приведены сведения из линейной алгебры, аналитической геометрии и математического анализа, которые отражают как требования образовательных стандартов, так и потребности основных разделов современной экономической теории. Учебник помимо иллюстрирующих основной материал примеров содержит задачи для самостоятельного решения. Для студентов учреждений высшего профессионального образования. Может быть использован преподавателями математических дисциплин экономических и технических учебных заведений.
言語:ロシア語
出版事項: Москва, Академия, 2010
シリーズ:Университетский учебник. Высшая математика и ее приложения к экономике
主題:
フォーマット: MixedMaterials 図書
KOHA link:https://koha.lib.tpu.ru/cgi-bin/koha/opac-detail.pl?biblionumber=178436

MARC

LEADER 00000nam0a2200000 4500
001 178436
005 20231101223414.0
010 |a 9785769562662 
035 |a (RuTPU)RU\TPU\book\193439 
090 |a 178436 
100 |a 20100407d2010 m y0rusy50 ca 
101 0 |a rus 
102 |a RU 
105 |a a j 001zy 
200 1 |a Линейная алгебра, дифференциальное исчисление функций одной переменной  |e учебник  |f Е. Б. Бурмистрова, С. Г. Лобанов 
210 |a Москва  |c Академия  |d 2010 
215 |a 336 с.  |c ил. 
225 1 |a Университетский учебник. Высшая математика и ее приложения к экономике 
320 |a Библиогр.: с. 319-320. 
320 |a Предм. указ.: с. 321-323. 
330 |a В учебнике приведены сведения из линейной алгебры, аналитической геометрии и математического анализа, которые отражают как требования образовательных стандартов, так и потребности основных разделов современной экономической теории. Учебник помимо иллюстрирующих основной материал примеров содержит задачи для самостоятельного решения. Для студентов учреждений высшего профессионального образования. Может быть использован преподавателями математических дисциплин экономических и технических учебных заведений. 
606 1 |a Линейная алгебра  |2 stltpush  |3 (RuTPU)RU\TPU\subj\40174  |9 60039 
606 1 |a Функции одной переменной  |x Дифференциальное исчисление  |2 stltpush  |3 (RuTPU)RU\TPU\subj\69554  |9 84356 
610 1 |a учебники 
610 1 |a матрицы 
610 1 |a системы линейных уравнений 
610 1 |a определители 
610 1 |a линейные пространства 
610 1 |a линейные операторы 
610 1 |a линейные формы 
610 1 |a билинейные формы 
610 1 |a квадратичные формы 
610 1 |a аналитическая геометрия 
610 1 |a евклидовы пространства 
610 1 |a самосопряженные операторы 
610 1 |a афинные пространства 
610 1 |a кривые второго порядка 
610 1 |a поверхности второго порядка 
610 1 |a числовые функции 
610 1 |a пределы 
610 1 |a неотрицательные матрицы 
675 |a 512.64(075.8)  |v 3 
675 |a 517.2(075.8)  |v 3 
700 1 |a Бурмистрова  |b Е. Б.  |g Елена Борисовна 
701 1 |a Лобанов  |b С. Г.  |g Сергей Григорьевич 
801 1 |a RU  |b 63413507  |c 20100407 
801 2 |a RU  |b 63413507  |c 20201201  |g RCR 
942 |c BK 
959 |a 20/20100322  |d 3  |e 339,90  |f ЧЗТЛ:2  |f АНЛ:1